| 000 | 01116nam a22002415i 4500 | ||
|---|---|---|---|
| 001 | 176663 | ||
| 003 | ES-MaACL | ||
| 005 | 20230906220145.0 | ||
| 008 | 110131s1999 sp f |||| | spa d | ||
| 020 | _a84-451-1583-9 | ||
| 020 | _a84-8138-327-9 | ||
| 080 | _a378.094(460.27 Alcalá de Henares)(093) | ||
| 110 | 0 |
_aColegio Mayor de San Ildefonso (Alcalá de Henares) _92925 |
|
| 245 | 1 | 0 |
_aConstituciones del Colegio Mayor San Ildefonso de Alcalá de Henares / _c[María Dolores Cabañas González, edición y coordinación]. |
| 260 |
_a[Madrid] : _bComunidad de Madrid, Consejería de Educación y Cultura ; _a[Alcalá de Henares] : _bCentro Internacional de Estudios Históricos Cisneros : _bAyuntamiento de Alcalá de Henares, _cD. L. 1999. |
||
| 300 |
_a2 v. ; _c32 cm. |
||
| 500 | _aGuardados en una caja. | ||
| 505 | 8 | 0 | _aContiene: [1.] Estudio, transcripción y traducción.- [2. Facsímil] |
| 546 | _aTexto en latín y español. | ||
| 610 | 0 | 4 |
_aColegio Mayor de San Ildefonso (Alcalá de Henares) _92925 |
| 700 | 1 |
_aCabañas González, María Dolores. _9144942 |
|
| 852 |
_aES-MaACL _jE-14131-32 |
||
| 999 |
_c176663 _d176663 |
||